Datum a čas kvízu
30
Celkem bodů
Celkový počet nahraných bodů na tomto kvízu bez doplňovacích otázek.
3.
Pořadí na kvízu
Konečné umístění týmu na tomto kvízu.
Zaznamenané odpovědi
| # | Otázka | Odpověď | Body | Výsledky |
|---|---|---|---|---|
| 1. | Jistou ulici v Praze někdo min... | Ruská | 1 | |
| 2. | Bývalý předseda vlády jedné ev... | Rakousko, Sebastian Kurz | 0 | |
| 3. | Letošní vyhlášení tuzemských k... | Muriel | 0 | |
| 4. | Japonští vědci minulý týden oz... | ze dřeva | 0 | |
| 5. | Jeden teprve osmnáctiletý česk... | Jakub Menšík, Katar | 0.5 | |
| 6. | Součástí televizního programu... | Hodina pravdy | 1 | |
| 7. | Milovníkům AZ-kvízu či zábavný... | pěstební dělnice | 1 | |
| 8. | Mezi lety 1996 až 2006 vysílal... | Videostop | 1 | |
| 9. | V dnešní době je velmi populár... | 1B 2D 3A 4C | 1 | |
| 10. | Kdo z uvedených nikdy nemodero... | D | 1 |